000 00478nam a2200169Ia 4500
008 090201s9999 xx 000 0 und d
010 _aKPL-49210
040 _bमराठी
041 _aमराठी
082 _a51306
_b49210
100 _aदेवदत्त पाटील
245 _aसौदा
_cदेवदत्त पाटील
260 _c2007
_bमधुराज
300 _a340
_bमोठा
600 _aसौदा
942 _cBOOK
999 _c247789
_d247789